| 000 | 00431nam a22001697a 4500 | ||
|---|---|---|---|
| 003 | NUST - PNEC | ||
| 005 | 20170116181127.0 | ||
| 008 | 151006b xxu||||| |||| 00| 0 eng d | ||
| 020 | _a8178085798 | ||
| 040 | _cLIBRARY | ||
| 082 | _a629.8 OGA | ||
| 100 |
_913726 _aOgata, Katsuhiko |
||
| 245 |
_aModern control engineering. _cKatsuhiko,Ogata |
||
| 250 | _a4th ed | ||
| 650 |
_913727 _aAutomatic control _xME |
||
| 942 |
_2ddc _cBK |
||
| 999 |
_c69788 _d69788 |
||